[Event "42nd GM 2014"]
[Site "Dortmund GER"]
[Date "2014.07.12"]
[Round "1.3"]
[White "Kramnik,V"]
[Black "Meier,Geo"]
[Result "0-1"]
[WhiteTitle "GM"]
[BlackTitle "GM"]
[WhiteElo "2777"]
[BlackElo "2632"]
[WhiteFideId "4101588"]
[BlackFideId "4675789"]
[EventDate "2014.07.12"]

1. c4 c5 2. Nf3 Nf6 3. g3 Nc6 4. Bg2 d5 5. O-O d4 6. a3 e5 7. d3 a5 8. e4 Be7 9.
Ne1 h5 10. f4 h4 11. f5 hxg3 12. hxg3 g6 13. Nd2 gxf5 14. exf5 Rg8 15. Qf3 Bd7
16. Rf2 Qb6 17. Re2 O-O-O 18. Ne4 Qb3 19. Nf2 a4 20. Bh6 Bf8 21. Bxf8 Rdxf8 22.
g4 Rg7 23. Ne4 Nxe4 24. Qxe4 Rfg8 25. Bf3 f6 26. Rg2 Nd8 27. Qe2 Bc6 28. Bxc6
bxc6 29. Qe4 Kc7 30. Nf3 Nf7 31. Rf1 Nd6 32. Qe2 Rxg4 33. Rf2 Nxf5 34. Nd2 Rxg2+
35. Rxg2 Rxg2+ 36. Kxg2 Qxb2 37. Kf3 Nd6 38. Qh2 Qxa3 39. Ke2 Qb2 40. Qh7+ Kb6
41. Qe7 Nb7 0-1

[Event "42nd GM 2014"]
[Site "Dortmund GER"]
[Date "2014.07.13"]
[Round "2.2"]
[White "Meier,Geo"]
[Black "Leko,P"]
[Result "1/2-1/2"]
[WhiteTitle "GM"]
[BlackTitle "GM"]
[WhiteElo "2632"]
[BlackElo "2737"]
[WhiteFideId "4675789"]
[BlackFideId "703303"]
[EventDate "2014.07.12"]

1. d4 Nf6 2. c4 e6 3. g3 d5 4. Bg2 Be7 5. Nf3 O-O 6. O-O dxc4 7. Qc2 a6 8. a4
Bd7 9. Ne5 Bc6 10. Nxc6 Nxc6 11. e3 Na5 12. Nd2 c5 13. dxc5 Rc8 14. b4 cxb3 15.
Nxb3 Nxb3 16. Qxb3 Nd7 17. Ba3 Nxc5 18. Bxc5 Rxc5 19. Qxb7 a5 20. Rfd1 Qc7 21.
Rab1 Rd8 22. Qxc7 Rxd1+ 23. Rxd1 Rxc7 24. Bf1 g6 25. Bb5 Kg7 26. Rd7 Rxd7 27.
Bxd7 1/2-1/2

[Event "42nd GM 2014"]
[Site "Dortmund GER"]
[Date "2014.07.16"]
[Round "4.3"]
[White "Baramidze,D"]
[Black "Leko,P"]
[Result "1/2-1/2"]
[WhiteTitle "GM"]
[BlackTitle "GM"]
[WhiteElo "2616"]
[BlackElo "2737"]
[WhiteFideId "4667719"]
[BlackFideId "703303"]
[EventDate "2014.07.12"]

1. d4 Nf6 2. c4 e6 3. g3 d5 4. Bg2 Be7 5. Nf3 O-O 6. O-O dxc4 7. Qa4 a6 8. Qxc4
b5 9. Qc2 Bb7 10. Bd2 Bd6 11. a3 Nbd7 12. b4 Ra7 13. Nc3 Qa8 14. Nh4 Bxg2 15.
Nxg2 c6 16. Ne4 Nxe4 17. Qxe4 Nb6 18. Rfc1 Rc8 19. Ra2 a5 20. bxa5 Nc4 21. Bb4
Bc7 22. Ne3 Nxe3 23. Qxe3 Bxa5 24. Bc5 Ra6 25. Rac2 h6 26. Qe4 Qb7 27. e3 Qd7
28. Bb4 Bd8 29. Rc3 Bf6 30. h4 Bd8 31. R1c2 Bf6 32. Rc1 Bd8 33. R1c2 Bf6 34. Kg2
Bd8 35. Qe5 Bf6 36. Qc5 Rd8 37. Qh5 Rc8 38. Qc5 Rd8 39. Qh5 Rc8 40. Kh2 Rd8 41.
Qf3 Rc8 42. Qh1 Qc7 43. Qe4 Qd7 44. Qh1 Qc7 45. Qe4 Qd7 46. h5 Bd8 47. Qh1 Bf6
48. Qc1 Rb6 49. Rc5 Be7 50. R5c3 Bf6 51. Rc5 Be7 52. R5c3 1/2-1/2

[Event "42nd GM 2014"]
[Site "Dortmund GER"]
[Date "2014.07.19"]
[Round "6.2"]
[White "Baramidze,D"]
[Black "Meier,Geo"]
[Result "1/2-1/2"]
[WhiteTitle "GM"]
[BlackTitle "GM"]
[WhiteElo "2616"]
[BlackElo "2632"]
[WhiteFideId "4667719"]
[BlackFideId "4675789"]
[EventDate "2014.07.12"]

1. d4 Nf6 2. c4 e6 3. g3 d5 4. Bg2 Bb4+ 5. Bd2 Be7 6. Nf3 O-O 7. O-O c6 8. Qc2
Nbd7 9. Rd1 b6 10. Bf4 Bb7 11. Nc3 dxc4 12. Nd2 Nd5 13. Nxc4 Nxf4 14. gxf4 Qc7
15. e3 Rad8 16. Rac1 c5 17. d5 exd5 18. Nxd5 Bxd5 19. Rxd5 b5 20. Ne5 Nxe5 21.
Rxe5 Bd6 22. Rd5 Be7 23. a4 a6 24. axb5 axb5 25. Re5 Bd6 26. Rd5 Be7 27. Rcd1
Rxd5 28. Rxd5 Rd8 29. b3 g6 30. Rxd8+ Bxd8 31. Bf1 Qd7 32. Qe2 c4 33. bxc4 bxc4
34. Qxc4 Qg4+ 35. Bg2 Qd1+ 36. Bf1 Qg4+ 37. Bg2 Qd1+ 38. Bf1 1/2-1/2